Word Ladder: Physics Phun Quiz Stats

 Plays Quiz Updated May 27, 2018

Challenge
Share
Tweet
Embed
Score 0/82 Timer 09:00
2 Plays Today
Hint 4-Letter Word % Correct
To desire somethingWANT
89%
⚛ Unit of power equivalent to one joule per second ⚛WATT
86%
⚛ Black ____: the remaining core of a supernova
so dense that light cannot escape ⚛
HOLE
85%
⚛ The north and south of a magnet ⚛POLE
83.9%
Put on clothing (past tense)WORE
83.6%
Husband's marriage partnerWIFE
83.6%
Drill a holeBORE
83%
⚛ 6.02 x 1023 atoms, ions, or other chemical units ⚛MOLE
82.9%
Victory in chessMATE
82%
Arrives after designated timeLATE
81.9%
⚛ Speed is the distance traveled
by a body per unit of ____
TIME
81.9%
⚛ ____ number: The sum of the number of
protons and neutrons in a nucleus ⚛
MASS
81.8%
⚛ ____-[NEXT THEMED RUNG]: the time during which 50% of the number of atoms in the element disintegrate ⚛HALF
81.3%
Spherical objectBALL
81.1%
⚛ Free ____: the motion of a body
under the effect of gravity alone ⚛
FALL
80.8%
Actress BlanchettCATE
80.7%
⚛ Sonic ____: what occurs when a source is traveling
at or faster than the speed of sound ⚛
BOOM
80.4%
⚛ Vibration: a ____ and forth motion that repeats itself ⚛BACK
79.7%
⚛ [PREVIOUS THEMED RUNG]-____: the time
during which 50% of the number of atoms
in the element disintegrate ⚛
LIFE
79.7%
Ceramic flooring squareTILE
79.6%
Mound of itemsPILE
79.3%
AssistanceHELP
79.3%
Young bovineCALF
79.2%
⚛ Object whose gravitational force affects tides on earth ⚛MOON
78.7%
⚛ Light ____: The distance traveled by light
through empty space in 365 days ⚛
YEAR
78.5%
Hanks, Brady, and CruiseTOMS
78.4%
To systematically organize documentsFILE
78.3%
The person in chargeBOSS
78.2%
Hint 4-Letter Word % Correct
⚛ Absolute ____: The temperature of - 273.16 or 0 K
at which molecular motion vanishes ⚛
ZERO
77.5%
Basketball great ChamberlainWILT
77.4%
To not have enoughLACK
77.3%
Use all available spaceFILL
77.2%
Light throwTOSS
77%
To direct one's gazeLOOK
76.9%
Scholarly bookTOME
76.9%
Tricky ruseWILE
76.7%
Security deviceLOCK
76.5%
Not as muchLESS
76.5%
WagersBETS
76.4%
Weaving apparatusLOOM
76.3%
Low-fat, low-sugar productLITE
76%
Untidy stateMESS
76%
Person idealized for courageHERO
75.5%
Young woman (Scottish)LASS
75.5%
Tonight Show host JayLENO
75.1%
HesitateBALK
75%
Mrs. Harry TrumanBESS
74.6%
Figure skater KatarinaWITT
74.5%
NASCAR great YarboroughCALE
74.3%
Final in time or orderLAST
74.3%
Tiny speckMOTE
73.9%
BenefitBOON
73.8%
Ursine animalBEAR
73.6%
Sword or dagger handleHILT
73.5%
⚛ Afocal ____: that of zero convergent power,
having focal points that are infinitely distant ⚛
LENS
71%
Queen of Olympian gods (Greek)HERA
70.4%
Hint 4-Letter Word % Correct
⚛ NEWTON'S SECOND LAW OF MOTION: ⚛
The ____ of change of momentum is directly
proportional to the force applied ⚛
RATE
69.4%
Pre-Socratic Greek philosopher ZENO
69%
Long, low utteranceMOAN
68.8%
To stack upHEAP
67.8%
Burrowing, mouselike rodent VOLE
65.9%
⚛ Unit of potential difference
equivalent to one joule per coulomb ⚛
VOLT
65.6%
⚛ ____ = Force x Displacement
in the direction of the force ⚛
WORK
65.5%
Healthy and heartyHALE
63.7%
⚛ The transfer of energy from a higher temperature
object to an object of lower temperature ⚛
HEAT
63.5%
Cautionary conjunctionLEST
63.2%
⚛ ____ particle: an electron emitted from
a nucleus in radioactive decay ⚛
BETA
62.1%
Otter denHOLT
59%
⚛ Periodic variation in the intensity of sound ⚛BEAT
57%
The king of Sodom (Genesis 14:2)BERA
56.5%
⚛ NEWTON'S FIRST LAW OF MOTION: ⚛
A [FIRST RUNG] continues in a state of ____ unless it is acted upon by an external (unbalanced) force.
REST
55.9%
Customary habitWONT
55.1%
⚛ NEWTON'S FIRST LAW OF MOTION: ⚛
A ____ continues in a state of [LAST RUNG] unless it is acted upon by an external (unbalanced) force.
BODY
54.6%
To praise enthusiasticallyRAVE
54.4%
Foreshadow an outcomeBODE
53.7%
⚛ Reflection: the bouncing back of a ____
from a boundary ⚛
WAVE
52.3%
Gear for steering a ship, especially the wheelHELM
51.9%
⚛ ____ life: the average time during which
a system exists in a specified form ⚛
MEAN
51.4%
Political policy expertWONK
51.2%
Give birth; esp. of sheep, goatsYEAN
50%
Small island in a riverHOLM
49.4%
Horizontal band around a woven basketWALE
43.9%

Today's Daily Dose

You're not logged in!

Compare scores with friends on all Sporcle quizzes.
Join for Free
OR
Log In

You Might Also Like...

Show Comments

Extras

Top Quizzes Today


Score Distribution

Your Account Isn't Verified!

In order to create a playlist on Sporcle, you need to verify the email address you used during registration. Go to your Sporcle Settings to finish the process.

Report this User

Report this user for behavior that violates our Community Guidelines.

Details: